[Event "IRI-ch sf"]
[Site "Hamedan"]
[Date "2018.11.15"]
[Round "9.6"]
[White "Gholami Orimi, Mahdi"]
[Black "Ghaziolsharif, Kaveh"]
[Result "1-0"]
[WhiteElo "2326"]
[BlackElo "2185"]
[PlyCount "115"]
[EventDate "2018.11.09"]
[EventType "swiss"]
[EventRounds "9"]
[EventCountry "IRI"]
[SourceTitle "CBM 187 Extra"]
[Source "ChessBase"]
[SourceDate "2018.11.04"]
[SourceVersion "1"]
[SourceVersionDate "2018.11.04"]
[SourceQuality "1"]

1. d4 Nf6 2. c4 c5 3. d5 g6 4. Nc3 Bg7 5. e4 d6 6. Be2 e6 7. Nf3 0-0 8. 0-0 exd5 9. cxd5 Re8 10. Qc2 Na6 11. Nd2 Rb8 12. Re1 Nc7 13. a4 a6 14. a5 Bd7 15. Nc4 Nb5 16. Bf4 Bf8 17. e5 Nxc3 18. bxc3 Nxd5 19. Bg3 dxe5 20. Rad1 Nf6 21. Bxe5 Rxe5 22. Nxe5 Qc7 23. Bc4 Be8 24. Qb3 Kg7 25. Qb6 Rc8 26. Rb1 Bd6 27. f4 Rb8 28. Rbd1 Rd8 29. Rd3 Qxb6 30. axb6 Be7 31. Red1 Rb8 32. Kf2 Ne4+ 33. Kf3 f5 34. g4 Ba4 35. Ra1 Be8 36. gxf5 Nd6 37. Be6 c4 38. Nxc4 Bc6+ 39. Ke3 Nxc4+ 40. Bxc4 Bc5+ 41. Kd2 Bxb6 42. fxg6 hxg6 43. Bd5 Bc7 44. Bxc6 Bxf4+ 45. Kc2 bxc6 46. Rd7+ Kh6 47. Ra4 Rf8 48. h3 Kh5 49. Rxa6 c5 50. Kd3 Bh2 51. Rh7+ Kg5 52. h4+ Kf5 53. Kc4 Be5 54. Rc6 Ke4 55. Rxc5 Rf3 56. Kb3 Bf6 57. Rf7 Rf2 58. Rc6 1-0

[Event "IRI-ch sf"]
[Site "Hamedan"]
[Date "2018.11.09"]
[Round "1.2"]
[White "Ghaem Maghami, Ehsan"]
[Black "Ghaziolsharif, Kaveh"]
[Result "1-0"]
[WhiteElo "2533"]
[BlackElo "2185"]
[PlyCount "73"]
[EventDate "2018.11.09"]
[EventType "swiss"]
[EventRounds "9"]
[EventCountry "IRI"]
[SourceTitle "CBM 187 Extra"]
[Source "ChessBase"]
[SourceDate "2018.11.04"]
[SourceVersion "1"]
[SourceVersionDate "2018.11.04"]
[SourceQuality "1"]

1. e4 g6 2. d4 Bg7 3. Nf3 d6 4. Be2 Nf6 5. Nc3 0-0 6. 0-0 Bg4 7. Bg5 Nc6 8. Qd2 Nd7 9. Nd5 Bxf3 10. Bxf3 h6 11. Be3 e6 12. Nc3 Kh7 13. Rad1 e5 14. dxe5 Ncxe5 15. Be2 Nb6 16. b3 Qf6 17. Nb5 Qe7 18. c4 Nc6 19. Qc1 Rfc8 20. Bg4 Rd8 21. Rfe1 Nc8 22. Bh3 b6 23. Qd2 Rb8 24. f4 a6 25. Nc3 Bxc3 26. Qxc3 Re8 27. Bc1 f6 28. Bb2 Rf8 29. e5 fxe5 30. fxe5 Qg7 31. Bxc8 Rbxc8 32. exd6 Qxc3 33. Bxc3 cxd6 34. Rxd6 Rfd8 35. Rd5 Rc7 36. h4 Rcd7 37. Re6 1-0

[Event "IRI-chT 17th"]
[Site "Rasht"]
[Date "2018.11.01"]
[Round "3.2"]
[White "Ghaziolsharif, Kaveh"]
[Black "Mosadeghpour, Masoud"]
[Result "0-1"]
[WhiteElo "2185"]
[BlackElo "2511"]
[PlyCount "58"]
[EventDate "2018.10.31"]
[EventType "team-swiss"]
[EventRounds "7"]
[EventCountry "IRI"]
[SourceTitle "CBM 187 Extra"]
[Source "ChessBase"]
[SourceDate "2018.11.04"]
[SourceVersion "1"]
[SourceVersionDate "2018.11.04"]
[SourceQuality "1"]
[WhiteTeam "Rasht Donyaye Felez"]
[BlackTeam "Tehran Saipa"]
[WhiteTeamCountry "IRI"]
[BlackTeamCountry "IRI"]

1. Nf3 d5 2. g3 g6 3. Bg2 Bg7 4. d4 Nf6 5. 0-0 0-0 6. c4 dxc4 7. Na3 c3 8. bxc3 c5 9. Bb2 Nc6 10. e3 Bf5 11. Nc4 Rc8 12. Re1 cxd4 13. exd4 Rc7 14. Nfe5 Nxe5 15. Nxe5 Nd7 16. Ng4 Nb6 17. Ne3 Be6 18. Qd2 Na4 19. Rac1 Qd6 20. Ba1 Rfc8 21. Red1 b5 22. Bf1 a6 23. c4 Bxc4 24. Nxc4 bxc4 25. Qa5 Qd7 26. Rb1 c3 27. Rb4 c2 28. Rc1 Bh6 29. f4 Bxf4 0-1

[Event "Hamedan op 17th"]
[Site "Hamedan"]
[Date "2018.08.12"]
[Round "5"]
[White "Ghaziolsharif, Kaveh"]
[Black "Hosseinipour, Mehdi"]
[Result "1/2-1/2"]
[WhiteElo "2177"]
[BlackElo "2327"]
[PlyCount "126"]
[EventDate "2018.08.09"]
[EventType "swiss"]
[EventRounds "11"]
[EventCountry "IRI"]
[SourceTitle "CBM 186 Extra"]
[Source "ChessBase"]
[SourceDate "2018.08.24"]
[SourceVersion "1"]
[SourceVersionDate "2018.08.24"]
[SourceQuality "1"]

1. Nf3 c5 2. g3 Nc6 3. d4 cxd4 4. Nxd4 g6 5. Bg2 Bg7 6. Nb3 Nf6 7. Nc3 d6 8. 0-0 0-0 9. e4 Bd7 10. h3 Rc8 11. Re1 Ne5 12. Nd4 Qc7 13. Nd5 Nxd5 14. exd5 Qb6 15. c3 Rfe8 16. a4 Nc4 17. Re2 h6 18. Kh2 a6 19. Qe1 Qd8 20. Nc2 Na5 21. Be3 Nb3 22. Ra3 Nc5 23. Bxc5 Rxc5 24. Ne3 Qc7 25. Qd2 h5 26. h4 Rb8 27. Nc2 Be8 28. Qe1 Kf8 29. Re4 b5 30. Nb4 Ra8 31. a5 Rc4 32. Bf1 Rxe4 33. Qxe4 Bd7 34. Bd3 Qc5 35. Kg2 Bh6 36. Ra1 Bg7 37. Re1 Bf6 38. Qf4 Kg7 39. Qe4 Qc7 40. Ra1 Bc8 41. Qe3 Bb7 42. Be4 Qc5 43. Qe2 Re8 44. Qd3 Bc8 45. Rd1 Qc7 46. Ra1 Bb7 47. Bf3 Bc8 48. Be4 Bb7 49. Bf3 Rd8 50. Be4 Bc8 51. Bf3 e5 52. Qe3 Re8 53. Nc6 Bd8 54. c4 bxc4 55. Qc3 f5 56. Qxc4 e4 57. Be2 Bf6 58. Rb1 f4 59. gxf4 Qd7 60. Rh1 Bxb2 61. Nd4 Bb7 62. Rb1 Bxd4 63. Qxd4+ Kh6 1/2-1/2

[Event "Tehran Paytakht Cup 1st"]
[Site "Tehran"]
[Date "2016.10.25"]
[Round "1"]
[White "Ghaziolsharif, Kaveh"]
[Black "Rasulov, Vugar Ural Oglu"]
[Result "0-1"]
[WhiteElo "2212"]
[BlackElo "2501"]
[PlyCount "78"]
[EventDate "2016.10.25"]
[EventType "swiss"]
[EventRounds "9"]
[EventCountry "IRI"]
[SourceTitle "EXT 2018"]
[Source "ChessBase"]
[SourceDate "2017.10.13"]
[SourceVersion "1"]
[SourceVersionDate "2017.10.13"]
[SourceQuality "1"]

1. e4 e5 2. Nf3 Nc6 3. Bc4 Nf6 4. d3 Bc5 5. c3 0-0 6. 0-0 a6 7. Bb3 Ba7 8. Re1 d6 9. h3 Ne7 10. Nbd2 Ng6 11. Nf1 Be6 12. Be3 Re8 13. Ng3 c6 14. d4 Qc7 15. Bc2 h6 16. Qc1 Kh7 17. Nf5 Bxf5 18. exf5 Nf8 19. dxe5 Bxe3 20. Qxe3 dxe5 21. Nxe5 N6d7 22. f6+ g6 23. f4 Nxf6 24. c4 N6d7 25. Qf2 Nxe5 26. fxe5 Re7 27. Re2 Rae8 28. Rf1 Kg8 29. Qf4 h5 30. Ref2 Rd7 31. Re1 Qa5 32. Re3 Qb6 33. Qh6 Qxb2 34. Bxg6 Rd1+ 35. Kh2 Qxf2 36. Bxf7+ Kxf7 37. Qxh5+ Ke7 38. Rf3 Qg1+ 39. Kg3 Kd8 0-1

[Event "IRI-chT 15th"]
[Site "Tehran"]
[Date "2016.08.03"]
[Round "2.2"]
[White "Firouzja, Alireza"]
[Black "Ghaziolsharif, Kaveh"]
[Result "1/2-1/2"]
[WhiteElo "2464"]
[BlackElo "2204"]
[PlyCount "49"]
[EventDate "2016.08.02"]
[EventType "team-tourn"]
[EventRounds "11"]
[EventCountry "IRI"]
[SourceTitle "EXT 2017"]
[Source "ChessBase"]
[SourceDate "2016.10.25"]
[SourceVersion "1"]
[SourceVersionDate "2016.10.25"]
[SourceQuality "1"]
[WhiteTeam "Tehran Saipa"]
[BlackTeam "Lorestan Rah & Shahrsazi"]
[WhiteTeamCountry "IRI"]
[BlackTeamCountry "IRI"]

1. d4 Nf6 2. c4 g6 3. Nf3 Bg7 4. g3 0-0 5. Bg2 d6 6. 0-0 Nbd7 7. Nc3 e5 8. dxe5 dxe5 9. Qc2 Qe7 10. Rd1 c6 11. e4 Re8 12. b3 a5 13. h3 Bf8 14. Be3 Nc5 15. Rd2 Qc7 16. Rad1 Nfd7 17. a3 Ne6 18. Nb1 Ndc5 19. Nh2 a4 20. b4 Nb3 21. Rd3 Ned4 22. Qb2 Be6 23. Nd2 Nxd2 24. R3xd2 c5 25. Bxd4 1/2-1/2

[Event "IRI-chT 14th"]
[Site "Tehran"]
[Date "2015.09.18"]
[Round "8.3"]
[White "Ghaziolsharif, Kaveh"]
[Black "Rastbod, Ali"]
[Result "1-0"]
[WhiteElo "2186"]
[BlackElo "2190"]
[PlyCount "53"]
[EventDate "2015.07.17"]
[EventType "team-tourn"]
[EventRounds "13"]
[EventCountry "IRI"]
[SourceTitle "EXT 2016"]
[Source "ChessBase"]
[SourceDate "2015.10.08"]
[SourceVersion "1"]
[SourceVersionDate "2015.10.08"]
[SourceQuality "1"]
[WhiteTeam "Tarbiat Qom"]
[BlackTeam "Rasht Donyaye Felez"]
[WhiteTeamCountry "IRI"]
[BlackTeamCountry "IRI"]

1. e4 e6 2. d3 d5 3. Nd2 Nf6 4. Ngf3 Nc6 5. c3 a5 6. Be2 Bc5 7. 0-0 0-0 8. d4 dxe4 9. Ng5 Bd6 10. Qc2 h6 11. Ngxe4 Nxe4 12. Nxe4 e5 13. dxe5 Bxe5 14. Rd1 Qe7 15. Be3 b6 16. Qa4 Bb7 17. Ng3 f5 18. f4 Bd6 19. Bf2 Nd8 20. Bd3 g6 21. Re1 Qh4 22. Nxf5 Qxf4 23. Qxf4 Bxf4 24. Ne7+ Kh7 25. Bxg6+ Kg7 26. Bd4+ Rf6 27. Be4 1-0

[Event "Fajr op 23rd"]
[Site "Urmia"]
[Date "2015.02.22"]
[Round "7"]
[White "Ghaziolsharif, Kaveh"]
[Black "Hasanzade, Toghrul Qasim Oglu"]
[Result "1-0"]
[WhiteElo "2193"]
[BlackElo "1970"]
[PlyCount "70"]
[EventDate "2015.02.18"]
[EventType "swiss"]
[EventRounds "9"]
[EventCountry "IRI"]
[SourceTitle "CBM 164 Extra"]
[Source "ChessBase"]
[SourceDate "2015.03.02"]
[SourceVersion "1"]
[SourceVersionDate "2015.03.02"]
[SourceQuality "1"]

1. e4 Nf6 2. e5 Nd5 3. d4 d6 4. Nf3 dxe5 5. Nxe5 c6 6. Be2 Bf5 7. 0-0 Nd7 8. Nf3 Qc7 9. Re1 e6 10. h3 0-0-0 11. Bd3 Bg6 12. c4 N5f6 13. Nc3 Bd6 14. Bxg6 hxg6 15. Qa4 a6 16. b4 Rh5 17. Ne2 b5 18. Qxa6+ Qb7 19. Qxb7+ Kxb7 20. c5 Bc7 21. Nc3 Nd5 22. Nxd5 Rxd5 23. a4 e5 24. axb5 cxb5 25. Be3 f6 26. dxe5 Nxe5 27. Nxe5 Bxe5 28. Ra5 Bc7 29. c6+ Kb8 30. Ra7 Re8 31. Rea1 Kc8 32. Ra8+ Bb8 33. Bf4 Rde5 34. Bxe5 Rxe5 35. g3 Re8 1-0

[Event "Tehran Alborz op 1st"]
[Site "Tehran"]
[Date "2014.03.08"]
[Round "4"]
[White "Benidze, Davit"]
[Black "Ghaziolsharif, Kaveh"]
[Result "1/2-1/2"]
[WhiteElo "2479"]
[BlackElo "2167"]
[PlyCount "83"]
[EventDate "2014.03.06"]
[EventType "swiss"]
[EventRounds "11"]
[EventCountry "IRI"]
[SourceTitle "CBM 159 Extra"]
[Source "ChessBase"]
[SourceDate "2014.04.24"]
[SourceVersion "1"]
[SourceVersionDate "2014.04.24"]
[SourceQuality "1"]

1. Nf3 Nf6 2. g3 g6 3. Bg2 Bg7 4. 0-0 0-0 5. c4 d6 6. Nc3 Nc6 7. Rb1 Bf5 8. d3 Qc8 9. Bg5 h6 10. Bxf6 Bxf6 11. Nd5 Bg7 12. b4 Re8 13. Qd2 Nd8 14. b5 c6 15. Ne3 Bd7 16. d4 Ne6 17. Nc2 Nc7 18. a4 e5 19. dxe5 dxe5 20. Rfd1 Rd8 21. Qe3 Bf5 22. Rxd8+ Qxd8 23. Nfe1 Qd6 24. Nd3 Ne6 25. c5 Qc7 26. Be4 Bxe4 27. Qxe4 Rd8 28. bxc6 bxc6 29. Qb4 Bf8 30. a5 e4 31. Qxe4 Qxa5 32. Qc4 Qc7 33. Ra1 a5 34. Ra2 Be7 35. Qc3 Ra8 36. h4 Qd8 37. Ra4 Bf6 38. Qa3 h5 39. Qa2 Be7 40. Rc4 Rb8 41. Ne3 Rb5 42. Qc2 1/2-1/2

[Event "Asia-ch U18"]
[Site "Hikkaduwa"]
[Date "2012.06.27"]
[Round "4.5"]
[White "Perera, WCC1111"]
[Black "Ghaziolsharif, Kaveh"]
[Result "1/2-1/2"]
[WhiteElo "2117"]
[BlackElo "2204"]
[PlyCount "118"]
[EventDate "2012.06.26"]
[EventType "swiss"]
[EventRounds "9"]
[EventCountry "SRI"]
[SourceTitle "EXT 2024"]
[Source "ChessBase"]
[SourceDate "2023.10.10"]
[SourceVersion "1"]
[SourceVersionDate "2023.10.10"]
[SourceQuality "1"]

1. d4 Nf6 2. c4 g6 3. Nc3 Bg7 4. e4 d6 5. Nf3 0-0 6. Be2 e5 7. 0-0 Nc6 8. d5 Ne7 9. Ne1 Nd7 10. Nd3 f5 11. Bd2 Nf6 12. f3 f4 13. c5 g5 14. cxd6 cxd6 15. Nf2 Ng6 16. Qc2 Rf7 17. Rfc1 Bf8 18. Nb5 Ne8 19. a4 h5 20. Ra3 a6 21. Rc3 Bd7 22. Na3 Nf6 23. h3 b6 24. Qd1 Rg7 25. Be1 Nh8 26. Nc4 Nf7 27. a5 bxa5 28. Ra3 Rc8 29. Bxa5 Qe8 30. Rcc3 g4 31. hxg4 hxg4 32. fxg4 Nh6 33. Nb6 Rxc3 34. Nxd7 Qxd7 35. Rxc3 Qe8 36. Rc7 Rxc7 37. Bxc7 Qc8 38. Ba5 Qc5 39. b4 Qe3 40. Bf3 Nf7 41. Qe2 Qa7 42. Kh2 Ng5 43. Nh3 Nfh7 44. Qf2 Qd7 45. Qc2 Nxh3 46. Kxh3 Ng5+ 47. Kh2 Qh7+ 48. Kg1 Qa7+ 49. Qf2 Qh7 50. Qc2 Qa7+ 51. Kf1 Qe3 52. Qe2 Qc1+ 53. Kf2 Be7 54. Bb6 Qc3 55. Qxa6 Nxe4+ 56. Bxe4 Bh4+ 57. Ke2 Qe1+ 58. Kf3 Qg3+ 59. Ke2 Qe1+ 1/2-1/2

[Event "Esfahan Zenderood op 3rd"]
[Site "Esfahan"]
[Date "2011.09.08"]
[Round "9"]
[White "Chigladze, Iveri"]
[Black "Ghaziolsharif, Kaveh"]
[Result "1-0"]
[WhiteElo "2377"]
[BlackElo "2170"]
[PlyCount "47"]
[EventDate "2011.09.02"]
[EventType "swiss"]
[EventRounds "9"]
[EventCountry "IRI"]
[SourceTitle "CBM 144 Extra"]
[Source "ChessBase"]
[SourceDate "2011.10.28"]
[SourceVersion "1"]
[SourceVersionDate "2011.10.28"]
[SourceQuality "1"]

1. d4 Nf6 2. c4 g6 3. Nc3 Bg7 4. e4 d6 5. Be2 0-0 6. Be3 c5 7. e5 Ne8 8. exd6 Nxd6 9. dxc5 Nf5 10. Bd2 Na6 11. Nf3 Nxc5 12. 0-0 b6 13. Qc1 Bb7 14. Rd1 Qc8 15. Nd5 e6 16. Ne3 Bxf3 17. Nxf5 exf5 18. Bxf3 Nd3 19. Qc2 Nxb2 20. Rdc1 Rb8 21. Rab1 Qc5 22. Rxb2 Bxb2 23. Qxb2 Rfd8 24. Bd5 1-0

[Event "Wch U14"]
[Site "Vung Tau"]
[Date "2008.10.24"]
[Round "6"]
[White "Ghaziolsharif, Kaveh"]
[Black "Navalgund, Niranjan"]
[Result "0-1"]
[WhiteElo "2014"]
[BlackElo "2064"]
[PlyCount "120"]
[EventDate "2008.10.20"]
[EventType "swiss"]
[EventRounds "11"]
[EventCountry "VIE"]
[SourceTitle "EXT 2009"]
[Source "ChessBase"]
[SourceDate "2008.11.26"]
[SourceVersion "1"]
[SourceVersionDate "2008.11.26"]
[SourceQuality "1"]

1. e4 c5 2. Nf3 Nc6 3. d4 cxd4 4. Nxd4 g6 5. Nc3 Bg7 6. Nxc6 bxc6 7. Bc4 d6 8. Qf3 Nf6 9. e5 dxe5 10. Qxc6+ Bd7 11. Qa6 0-0 12. 0-0 Qc7 13. Bg5 Rac8 14. Bb3 Bc6 15. Rad1 Ne4 16. Nxe4 Bxe4 17. Be3 Ra8 18. Rd2 Bb7 19. Qa4 Bc6 20. Qa6 Kh8 21. Rfd1 f5 22. Bg5 Bf6 23. Bh6 Bg7 24. Bg5 Rac8 25. Be6 Rb8 26. b3 h6 27. Be3 f4 28. Bxa7 Ra8 29. Bb6 Qb8 30. Ba7 Bb5 31. Bxb8 Rxa6 32. Bf7 Rxf7 33. Rd8+ Kh7 34. a4 Bc6 35. Bc7 e6 36. Bd6 e4 37. Bc5 Bf6 38. Rc8 Bb7 39. Rb8 f3 40. g3 Kg7 41. c4 Be5 42. Re8 Bf6 43. Be3 g5 44. Kf1 Rc7 45. a5 Kf7 46. Rb8 Ra8 47. Rxa8 Bxa8 48. Bb6 Rc8 49. Rd7+ Be7 50. Ra7 Ke8 51. h3 Bc6 52. Ke1 Ra8 53. Rc7 Bd7 54. c5 Rc8 55. b4 Rxc7 56. Bxc7 Bb5 57. Kd2 Kd7 58. Be5 Kc6 59. g4 Kd5 60. Bg7 Kc4 0-1

[Event "Wch U14"]
[Site "Vung Tau"]
[Date "2008.10.20"]
[Round "1"]
[White "Ghaziolsharif, Kaveh"]
[Black "Bukavshin, Ivan"]
[Result "1/2-1/2"]
[WhiteElo "2014"]
[BlackElo "2376"]
[PlyCount "93"]
[EventDate "2008.10.20"]
[EventType "swiss"]
[EventRounds "11"]
[EventCountry "VIE"]
[SourceTitle "EXT 2009"]
[Source "ChessBase"]
[SourceDate "2008.11.26"]
[SourceVersion "1"]
[SourceVersionDate "2008.11.26"]
[SourceQuality "1"]

1. e4 c5 2. c3 Nf6 3. e5 Nd5 4. d4 cxd4 5. Nf3 Nc6 6. cxd4 d6 7. Nc3 dxe5 8. dxe5 Nxc3 9. Qxd8+ Nxd8 10. bxc3 Bd7 11. Nd4 Nc6 12. f4 Nxd4 13. cxd4 Bc6 14. Kf2 e6 15. Be3 Rd8 16. a4 Bb4 17. Bb5 Kd7 18. Rhc1 Rc8 19. Bxc6+ Rxc6 20. Rxc6 Kxc6 21. Rc1+ Kd7 22. Ke2 b6 23. Kd3 Be7 24. Ke4 Rb8 25. g4 b5 26. axb5 Rxb5 27. Ra1 a5 28. Bd2 Bd8 29. f5 Bb6 30. Bc3 Rd5 31. Rb1 Kc6 32. Kd3 Rd7 33. Kc4 a4 34. Ra1 Ra7 35. Bb4 g6 36. fxg6 fxg6 37. Bd6 Ra5 38. Bb4 Ra8 39. Bd6 Ra7 40. Ra2 g5 41. h3 Rf7 42. Rxa4 Bxd4 43. Ra8 Bb6 44. Rc8+ Kd7 45. Rb8 Kc6 46. Rc8+ Kd7 47. Rb8 1/2-1/2

[Event "Wch U12"]
[Site "Kemer"]
[Date "2007.11.24"]
[Round "7"]
[White "Sanzhaev, Darsen"]
[Black "Ghaziolsharif, Kaveh"]
[Result "1/2-1/2"]
[WhiteElo "2015"]
[BlackElo "2122"]
[PlyCount "159"]
[EventDate "2007.11.18"]
[EventType "swiss"]
[EventRounds "11"]
[EventCountry "TUR"]
[SourceTitle "CBM 121 Extra"]
[Source "ChessBase"]
[SourceDate "2008.01.10"]
[SourceVersion "1"]
[SourceVersionDate "2008.01.10"]
[SourceQuality "1"]

1. d4 Nf6 2. c4 g6 3. Nc3 Bg7 4. e4 d6 5. f3 0-0 6. Be3 Nbd7 7. Qd2 c5 8. Nge2 a6 9. d5 Rb8 10. Ng3 Qa5 11. a4 Rd8 12. Be2 Nf8 13. 0-0 e6 14. Rfc1 Qc7 15. Rab1 exd5 16. cxd5 b6 17. b4 N8d7 18. b5 a5 19. Nd1 Re8 20. Nb2 Ne5 21. Rc2 Qd8 22. Re1 h5 23. Bg5 Qc7 24. Bf1 Nh7 25. Be3 h4 26. Nh1 h3 27. Nf2 hxg2 28. Bxg2 f5 29. f4 Nf7 30. Nc4 fxe4 31. Bxe4 Bf5 32. Qd3 Qd7 33. Rce2 Nf6 34. Bd2 Nxe4 35. Nxe4 Kf8 36. Bc3 Bxc3 37. Qxc3 Bxe4 38. Rxe4 Rxe4 39. Rxe4 Qg4+ 40. Kf2 Qf5 41. Qf3 g5 42. Ne3 Qf6 43. Ng4 Qb2+ 44. Kg3 Re8 45. fxg5 Rxe4 46. Qxe4 Nxg5 47. Qf5+ Nf7 48. Qc8+ Kg7 49. Qc7 Qb3+ 50. Kh4 Qd3 51. Qxb6 c4 52. Qc7 c3 53. b6 c2 54. b7 Qd2 55. Qe7 Qb4 56. Qc7 Qe1+ 57. Kh3 c1Q 58. Qxc1 Qxc1 59. b8Q Qa3+ 60. Kh4 Qxa4 61. Qb2+ Ne5 62. Qb7+ Qd7 63. Qxd7+ Nxd7 64. Kg5 a4 65. Ne3 Nc5 66. Nc4 Nd3 67. Kf5 Ne5 68. Na3 Kf7 69. h4 Nf3 70. h5 Nd4+ 71. Ke4 Nb3 72. Kf5 Nc5 73. h6 Kg8 74. Kf6 Kh7 75. Ke7 Ne4 76. Kd7 Kxh6 77. Kc6 Kg5 78. Kb5 Nc3+ 79. Kb4 Nxd5+ 80. Kxa4 1/2-1/2

[Event "Wch U12"]
[Site "Kemer"]
[Date "2007.11.21"]
[Round "4"]
[White "Ghaziolsharif, Kaveh"]
[Black "Kyas, Philipp"]
[Result "0-1"]
[WhiteElo "2122"]
[BlackElo "1816"]
[PlyCount "106"]
[EventDate "2007.11.18"]
[EventType "swiss"]
[EventRounds "11"]
[EventCountry "TUR"]
[SourceTitle "CBM 121 Extra"]
[Source "ChessBase"]
[SourceDate "2008.01.10"]
[SourceVersion "1"]
[SourceVersionDate "2008.01.10"]
[SourceQuality "1"]

1. e4 e5 2. Nf3 Nc6 3. Bc4 Bc5 4. c3 Nf6 5. d4 exd4 6. e5 d5 7. Bb5 Ne4 8. cxd4 Bb4+ 9. Bd2 Nxd2 10. Nbxd2 0-0 11. a3 Bxd2+ 12. Qxd2 Bg4 13. Bxc6 bxc6 14. Rc1 Bxf3 15. gxf3 Qd7 16. Qc2 Rab8 17. 0-0 Rb6 18. Kh1 Qh3 19. Qc3 c5 20. Rg1 cxd4 21. Qd3 Rxb2 22. Rg3 Qh6 23. Rcg1 g6 24. Qxd4 Qd2 25. Qg4 Qxf2 26. Rh3 Rfb8 27. e6 f5 28. Qf4 Qxg1+ 29. Kxg1 Rc2 30. Qb4 Rxb4 31. axb4 Re2 32. Rh4 Rxe6 33. Rd4 c6 34. Kf2 Kf7 35. Rd3 Kf6 36. Ra3 d4 37. Rxa7 h5 38. Ra3 f4 39. h4 g5 40. Ra5 d3 41. hxg5+ Kg6 42. Ra3 Re3 43. Ra6 Kxg5 44. Rxc6 Kh4 45. Rd6 Re2+ 46. Kf1 Kg3 47. Rxd3 Rb2 48. b5 h4 49. Rd1 h3 50. Kg1 Rxb5 51. Kh1 h2 52. Re1 Rb2 53. Ra1 Rg2 0-1